000 00583nam a2200193Ia 4500
003 GCL
008 140319s9999 xx 000 0 ara d
040 _aGCL /
_cGCL
082 0 4 _aد
_b050
100 1 _aنايف حزم
245 1 0 _aاللغات الاجنبية: تعليمها وتعلمها ( عالم المعرفة 126 ) /
_cنايف حزم
700 1 _aعلى حجاج
300 _a300 ص
490 _aعالم المعرفة
_v0
650 0 4 _aاللغات
650 0 4 _aاللغات - طرق البحث
650 0 4 _aاللغات المقارنة
942 _2ddc
_cBK
999 _c50259
_d50259